00498nam a22001577a 4500003000500000005001700005008004100022020001500063050002400078082002600102100002100128245004800149260005700197300002000254650006600274SISC20160317090808.0130122t xxu||||| |||| 00| 0 eng d a9716300522 aPE 1409b.L264 1996 aHS 808.027 bL23 1996 aLandy, Joseph V. aSeven rules for writers /cJoseph V. Landy. aManila : bTahanan Books for Young Readers, cc1996. a62 p. :c20 cm. a Composition (Language arts) 2. Engllish Language--Rhetoric